Obálka Náhled e-knihy:
PDF Epub
Pro půjčování e-knih musíte být přihlášeni.
Jak si půjčit online?

Energia lásky našla ku mne cestu /

Vtedy dávno, keď sa písal tento krátky príbeh, kráčala krásna Kráľovná Príroda pomalým krokom tak, aby nás nerušila. Ani som sa jej nespýtala, kde sa tu vzala a odkiaľ prišla. Skľúčená si sadla do plačúcej púšte, ktorá obišla spálenú dedinu a žalostne spievala smutné piesne. V mysli kráľovnej sa ukr...

Celý popis

Uloženo v:
Série:Energia lásky našla ku mne cestu, část 3
Hlavní autor: Szunyogová, Natália (Autor)
Médium: E-kniha
Jazyk:Czech
Vydáno: Praha : E-knihy jedou, 2019
Příbuzné jednotky:Z cyklu:: Energia lásky našla ku mne cestu
Tagy:
Žádné tagy
LEADER 01960nam a22002417i 4500
001 311075
007 ta
008 260601s2019 xr ||||| |||| 00| 0 cze d
020 |a 9990001867706 
044 |a xr 
100 1 |a  Szunyogová, Natália  |4 aut 
245 1 0 |a Energia lásky našla ku mne cestu /  |c  Szunyogová, Natália 
264 1 |a Praha :  |b E-knihy jedou,  |c 2019 
300 |a 1 online zdroj (84 stran) 
336 |a text  |b txt  |2 rdacontent 
337 |a bez média  |b n  |2 rdamedia 
338 |a online zdroj  |b cr  |2 rdacarrier 
520 2 |a Vtedy dávno, keď sa písal tento krátky príbeh, kráčala krásna Kráľovná Príroda pomalým krokom tak, aby nás nerušila. Ani som sa jej nespýtala, kde sa tu vzala a odkiaľ prišla. Skľúčená si sadla do plačúcej púšte, ktorá obišla spálenú dedinu a žalostne spievala smutné piesne. V mysli kráľovnej sa ukryli voňavé lesy, rozsiahle háje a zelené lúky. Každý deň si túto myšlienku chovala, chlácholila ju, starala sa o ňu ako o malé dieťa. Aj kráľovná mala svoje sny, túžby, vízie, ktoré ju hriali pri srdci a poháňali dopredu. Boli podobné, aké máme my. Videla dobre, aké to tu bude krásne, ak budeme chcieť. Videla zelené lesy, lúky plné zvery a vzdušný priestor preplnený vtáctva. Dívala sa na ten obraz každý večer, keď zaspávala. Pozerala si ten krásny film so šťastným koncom a verila mu, verila nám... 
787 0 8 |g 3  |i Z cyklu:  |t Energia lásky našla ku mne cestu 
910 |a RBIT002 
998 |d 186770  |a https://core.palmknihy.cz/api/books/186770/cover?pvib15  |b https://core.palmknihy.cz/api/books/186770/cover/400?pvib15  |c https://core.palmknihy.cz/api/books/186770/cover/50?pvib15  |e   |g 84  |i 9990001867706  |j https://core.palmknihy.cz/api/books/186770/preview.epub  |k https://core.palmknihy.cz/api/books/186770/preview.pdf  |l   |q 49  |r 1  |s https://www.palmknihy.cz/kniha/186770  |t ebook  |y 2019  |z 1  |v Energia lásky našla ku mne cestu  |w 3 
999 |d 311073